Archivo de la Diputación Provincial de Toledo [Recurs electrònic] : libros de actas de sesiones 1833 - 1868 libros de actas de sesiones 1833 - 1868
ISBN:
978-84-96211-40-7
Descripción Física:
4 discs òptics (DVD) ; 12 cm
Otros Autores:
Toledo. Diputación
Materias:
Toledo. Diputación -- S. XIX
MARC
| LEADER | 00000nam a2200000Ia 4500 | ||
|---|---|---|---|
| 001 | 22084 | ||
| 008 | 160829s2009 xx 000 0 cat d | ||
| 020 | |a 978-84-96211-40-7 | ||
| 080 | |a CD-1-154 | ||
| 245 | |a Archivo de la Diputación Provincial de Toledo [Recurs electrònic] : |b libros de actas de sesiones 1833 - 1868 | ||
| 260 | |a Toledo : |b Diputacion de Toledo, |c 2009 | ||
| 300 | |a 4 discs òptics (DVD) ; |c 12 cm | ||
| 590 | |a Cal fer instal·lació al disc dur. | ||
| 590 | |a Requeriments mínims: Sistema operatiu Windows 95/98/WNT3.51 o superior, processador Pentium NMX 133 o superior, 64 Mb RAM (recomanat 128 Mb), espai lliure en el disc local superior a 50 Mb, monitor SVGA resolució 800x600, 64000 colors. | ||
| 590 | |a El DVD 1 inclou el programa d'instal·lació | ||
| 650 | |a Toledo. Diputación |x S. XIX |9 39516 | ||
| 700 | |a Toledo. Diputación |9 39517 | ||
| 901 | |a Arxiu | ||
| 942 | |n 1 | ||
| 952 | |0 0 |1 0 |4 0 |6 CD1154 |7 1 |9 49052 |a Arxiu |b Arxiu |d 2016-12-01 |l 0 |o CD-1-154 |p 22084 |r 2016-12-01 00:00:00 |w 2016-12-01 |y ARXIU | ||
| 999 | |c 52889 |d 52889 | ||